000 00652cab a2200241 4500
001 X3181
008 090401t1996 xxu||||| |||| 00| 0 eng d
035 _a(Sirsi) u28994
041 _aeng
100 _aRead, T.
245 _aSeaBat: nudging the boundaries of software
260 _c1996
350 _a0
490 _aSurveying World
_v4(30 March/April 1996, 17-19(3)
650 _aBREAKWATERS
650 _aHYDROGRAPHIC SURVEYING
650 _aSEABAT MULTI BEAM SONAR
650 _aSONAR EQUIPMENT
690 _aMANAGEMENT-BUSINESS MANAGEMENT-INFORMATION MANAGEMENT
690 _aMARINE RESOURCES
942 _n0
948 _c04/03/1997
999 _c19512
_d19512